| 000 | 00472nam a2200181Ia 4500 | ||
|---|---|---|---|
| 003 | GCL | ||
| 008 | 140319s9999 xx 000 0 eng d | ||
| 040 |
_aGCL / _cGCL |
||
| 082 | 0 | 4 |
_a650 _bN U |
| 100 | 1 | _aNICKELS, WILLIAM G. | |
| 245 | 1 | 0 |
_aUNDERSTANDING BUSINESS / _cNICKELS, WILLIAM G. |
| 260 |
_a[S.N] : _bIRWIN ، _c1996 |
||
| 300 | _a694 P | ||
| 650 | 0 | 4 | _aBUSINESS VOCATIONAL GUIDANCE |
| 650 | 0 | 4 | _aBUSINESS |
| 650 | 0 | 4 | _aINDUSTRIAL MANAGEMENT |
| 942 |
_2ddc _cBK |
||
| 999 |
_c11813 _d11813 |
||